000 00927nam a2200277 i 4500
001 000010831
003 DO-SdBNP
005 20250704122203.0
007 ta
008 091012s1979 dr a r 000 p spa d
040 _aDO-SdBNP
_bspa
_cBNPHU
_erda
041 _aspa
082 4 _aRD861.44
_bR696t
_222
100 1 _aRodríguez Soriano, René,
_d1950-
_eautor
_4aut.
_9232
245 1 0 _aTextos destetados a destiempo con sabor de tiempo y canción /
_cRené Rodríguez Soriano.
264 1 _aSanto Domingo, República Dominicana :
_bEditorial la Gaviota,
_c1979.
300 _a149 páginas :
_bilustraciones ;
_c19 cm.
336 _atexto
_btxt
_2rdacontent
337 _asin mediación
_bn
_2rdamedia
338 _avolumen
_bnc
_2rdacarrier
590 _aInventariado, 2018/BT
650 4 _aPoesía dominicana
_966
650 4 _aLiteratura dominicana.
_967
910 _aValidado. Control de calidad. MFF
942 _2ddc
_cLBS1
999 _c10580
_d10580